logo

Bir Sreshtho Munshi Abdur Rouf Library
Jhenaidah Cadet College

নির্বাচিত কিশোর উপন্যাস / (Record no. 2448)

MARC details
000 -LEADER
fixed length control field 00719nam a2200229 a 4500
001 - CONTROL NUMBER
JCCL Control Number 2448
003 - CONTROL NUMBER IDENTIFIER
JCCL marc code BD-JhCC
005 - DATE AND TIME OF LATEST TRANSACTION
control field 20171102182209.0
008 - FIXED-LENGTH DATA ELEMENTS--GENERAL INFORMATION
fixed length control field 171102s19992001bg |||| ||a| 000 0 ben d
020 ## - INTERNATIONAL STANDARD BOOK NUMBER
International Standard Book Number 9848160825
035 ## - SYSTEM CONTROL NUMBER
system control number (BD-JhCC)2448
040 ## - CATALOGING SOURCE
Original cataloging agency BD-JhCC
Modifying agency BD-JhCC
041 ## - LANGUAGE CODE
Language code of Book ben
082 ## - DEWEY DECIMAL CLASSIFICATION NUMBER
Classification number 891.443
Author mark and Year AHM 2001
100 ## - MAIN ENTRY--PERSONAL NAME
Personal name আহমেদ, হুমায়ূন নির্বাচিত
245 ## - TITLE STATEMENT
Title নির্বাচিত কিশোর উপন্যাস /
Statement of responsibility, etc হুমায়ূন আহমেদ,
260 ## - PUBLICATION, DISTRIBUTION, ETC. (IMPRINT)
Place of publication, distribution, etc ঢাকা :
Name of publisher, distributor, etc অন্যপ্রকাশ,
Date of publication, distribution, etc 2001
300 ## - PHYSICAL DESCRIPTION
Pagination 199 p. :
Dimensions 20 cm.
650 ## - SUBJECT ADDED ENTRY--TOPICAL TERM
Topical term or geographic name as entry element Collection of Novel
942 ## - ADDED ENTRY ELEMENTS (KOHA)
Source of classification or shelving scheme Dewey Decimal Classification
Koha item type Books
Holdings
Source of classification or shelving scheme Damaged status Not for loan Home library Current library Shelving location Date of accession Source of acquisition Cost, normal purchase price Total Checkouts Full call number Barcode Date last seen Copy number Koha item type Checked out Date checked out Method of acquisition Currency
Dewey Decimal Classification     JCC Rouf Library JCC Rouf Library General Stacks 11/02/2017 10th Intake 120.00   891.443 AHM 2001 3679 11/02/2017 C-1 Books        
Dewey Decimal Classification     JCC Rouf Library JCC Rouf Library General Stacks     300.00 2 891.443 AHM 2001 19455 01/27/2026 C-2 Books 02/22/2026 01/27/2026 Purchase BDT

JCC Library | Contacts | JCC Home

Last Update on 23 September 2017
Copyright @ 2017-2020 JCC Rouf Library
Rouf Library, Jhenidah Cadet College (JCC), Bangladesh